1491 1306 1646 1862 1195 1260 1369 1228 1527 1722 1460 1236 1349 1443 1342 1404 1589 1584 1454 1873 1578 1129 1395 1083 1664 1209 1910 1879 1975 1021 1191 1149 1136 1013 1178 1240 1019 1704 1728 1337 1593 1516 1993 1762 1717 1284 1209 1687 1167 1937 1588 1102 1547 1022 1594 1667 1908 1691 1577 1868 1236 1201 1586 1791 1589 1098 1904 1784 1007 1727 1166 1790 1576 1975 1933 1448 1995 1614 1538 1332 1132 1304 1633 1487 1895 1242 1607 1135 1512 1337 1953 1614 1433 1527 1634 1098 1291 1802 1490 BCNSPRNW ULIB Ver.6.0+V

เปลี่ยนเป็นภาษาไทย

Change to English
 แสดงรายละเอียดบรรณานุกรม
  กลับหน้าหลัก

Brief Record : Get Marc (ISO 2709) : E-mail record : QR code < ปิดหน้าต่าง
LEADER : 00000nam 2200000uu 4500
001    13399123171
003     ULIB
008    200557s2551||||th 000 0 tha d
020    ^a9789740642909
090    ^aนว.^bด111ห
100 0  ^aเด็กญี่ปุ่น
245 00 ^aหัวใจหยุดพักเติมรักให้เต็มร้อย/^cเด็กญี่ปุ่น
250    ^aพิมพ์ครั้งที่ 1
260    ^aกรุงเทพฯ :^bนกฮูก,^c2551
300    ^a207หน้า
710 1  ^aนกฮูก
945    ^p169^l0^i20319
995    ^aทศพร
999    ^aทศพร เกษรทอง
รายการนี้ยังไม่มีแท็ก
คุณยังไม่ได้ล็อกอิน คุณสามารถมีกิจกรรมร่วมกับเว็บไซต์ได้ แต่ต้องล็อกอินก่อน ::
  ล็อกอิน

รายการสื่อสารสนเทศ

ลำดับที่ ประเภท เลขเรียก/บาร์โค้ด สถานที่ สถานะ
1. นวนิยาย
นวนิยาย
นว. ด111ห ฉ.1 
  Barcode: 20319
ห้องสมุดวิทยาเขตนครสวรรค์
►นวนิยาย:l:Fiction
บนชั้น

BibComment


ยังไม่เคยถูกคอมเมนท์

คอมเมนท์ทรัพยากรรายการนี้
  คอมเมนท์: หัวใจหยุดพักเติม..


 Copyright 2026. Bcnsprnw @Library